Mexican Modern Art (Record no. 1913)

MARC details
000 -CABECERA
campo de control de longitud fija 00865nam a2200205 a 4500
001 - NÚMERO DE CONTROL
campo de control BRCA_2156
005 - FECHA Y HORA DE LA ÚLTIMA TRANSACCIÓN
campo de control 20190320203707.0
008 - DATOS DE LONGITUD FIJA--INFORMACIÓN GENERAL
campo de control de longitud fija 000516s1999 onc#---##b---f000-0deng-d
040 ## - FUENTE DE LA CATALOGACIÓN
Centro catalogador/agencia de origen CaOODP
Lengua de catalogación eng
Centro/agencia transcriptor NLC
Centro/agencia modificador DLC
050 #4 - SIGNATURA TOPOGRÁFICA DE LA BIBLIOTECA DEL CONGRESO
Número de clasificación N6555
Número de documento/Ítem .L69 1999
100 1# - ENTRADA PRINCIPAL--NOMBRE DE PERSONA
Nombre de persona Lozano, Luis-Martín
9 (RLIN) 2099
245 10 - MENCIÓN DE TÍTULO
Título Mexican Modern Art
Resto del título 1900-1950
Mención de responsabilidad, etc. Luis-Martín Lozano ; with contributions by Laura González Matute ... [et al.] ; under the general editorship of Mayo Graham.
260 ## - PUBLICACIÓN, DISTRIBUCIÓN, ETC.
Lugar de publicación, distribución, etc. Ottawa
Nombre del editor, distribuidor, etc. National Gallery of Canada : The Montreal Museum of Fine Arts
Fecha de publicación, distribución, etc. 1999
300 ## - DESCRIPCIÓN FÍSICA
Extensión 190 p.
Otras características físicas il. a color
Dimensiones 30 cm.
500 ## - NOTA GENERAL
Nota general Catálogo de la exposición realizada en National Gallery of Canada, (Otawa), 25 febrero - 21 mayo, 2000
650 14 - PUNTO DE ACCESO ADICIONAL DE MATERIA--TÉRMINO DE MATERIA
Término de materia o nombre geográfico como elemento de entrada Arte mexicano
Subdivisión de forma Exposiciones
Subdivisión cronológica Siglo XX
9 (RLIN) 2618
700 1# - PUNTO DE ACCESO ADICIONAL--NOMBRE DE PERSONA
Nombre de persona Graham, Mayo
9 (RLIN) 6503
700 1# - PUNTO DE ACCESO ADICIONAL--NOMBRE DE PERSONA
Nombre de persona González Matute, Laura
9 (RLIN) 484
942 ## - ELEMENTOS DE PUNTO DE ACCESO ADICIONAL (KOHA)
Fuente del sistema de clasificación o colocación Library of Congress Classification
Tipo de ítem Koha Libros
Holdings
Estado de retiro Estado de pérdida Estado dañado No para préstamo Localización permanente Ubicación/localización actual Fecha de adquisición Total de préstamos Signatura topográfica completa Código de barras Fecha visto por última vez Precio válido a partir de Tipo de ítem Koha
El ejemplar forma parte de la colección y puede ser consultado según las políticas vigentes.       Biblioteca del Museo Franz Mayer (Rogerio Casas-Alatriste) Biblioteca del Museo Franz Mayer (Rogerio Casas-Alatriste) 14/08/2008   N6555 .L69 1999 01211 22/03/2019 22/03/2019 Libros